Imaging of head and neck cancer
This concise integrated handbook looks at all available imaging methods for head and neck cancer, highlighting the strengths and weaknesses of each method. The information is provided in a clinical context and will guide radiologists as to the information the clinician actually needs when managing a...
محفوظ في:
| التنسيق: | كتاب |
|---|---|
| اللغة: | Undetermined |
| منشور في: |
London
Greenwich Medical Media
2003
|
| الموضوعات: | |
| الوسوم: |
إضافة وسم
لا توجد وسوم, كن أول من يضع وسما على هذه التسجيلة!
|
| Thư viện lưu trữ: | Trung tâm Học liệu Trường Đại học Cần Thơ |
|---|
| LEADER | 01051nam a2200205Ia 4500 | ||
|---|---|---|---|
| 001 | CTU_167923 | ||
| 008 | 210402s9999 xx 000 0 und d | ||
| 020 | |c 118 | ||
| 082 | |a 616.99491 | ||
| 082 | |b I.31 | ||
| 245 | 0 | |a Imaging of head and neck cancer | |
| 245 | 0 | |c Edited by A. T. Ahuja ... [et al.]. | |
| 260 | |a London | ||
| 260 | |b Greenwich Medical Media | ||
| 260 | |c 2003 | ||
| 520 | |a This concise integrated handbook looks at all available imaging methods for head and neck cancer, highlighting the strengths and weaknesses of each method. The information is provided in a clinical context and will guide radiologists as to the information the clinician actually needs when managing a patient with head and neck cancer. It will also provide the clinician with the advantages and limitations of imaging. | ||
| 650 | |a Head,Phần đầu,Cancer,Neck,Ung thư,Phần cổ | ||
| 650 | |x Cancer,Ung thư,Imaging,Cancer,Ảnh hóa,Ung thư | ||
| 904 | |i Trọng Hiếu | ||
| 980 | |a Trung tâm Học liệu Trường Đại học Cần Thơ | ||